The use of carboxylated nitrile latices in glove manufacture (Record no. 71119)

MARC details
000 -LEADER
fixed length control field 00468nam a2200133Ia 4500
100 ## - MAIN ENTRY--AUTHOR NAME
Personal name Robertson J
245 #4 - TITLE STATEMENT
Title The use of carboxylated nitrile latices in glove manufacture
260 ## - PUBLICATION, DISTRIBUTION, ETC. (IMPRINT)
Name of publisher International Rubber Conference 1997. Rubber Science and Technology: Improving Quality of Life, Kuala Lumpur, Malaysia 6-9 Oct 1997; p335-340
650 ## - SUBJECT ADDED ENTRY--TOPICAL TERM
Topical Term Lanham A
650 ## - SUBJECT ADDED ENTRY--TOPICAL TERM
Topical Term Robertson J
700 ## - ADDED ENTRY--PERSONAL NAME
Personal name Lanham A
942 ## - ADDED ENTRY ELEMENTS (KOHA)
Koha item type Journals
Holdings
Withdrawn status Lost status Damaged status Not for loan Home library Current library Shelving location Date acquired Koha item type
      Journals RRII Library RRII Library Rubber chemistry 17/12/2021 Journals